Statistics for Beach Boys songs

Click here to take the quiz!

General Stats

  • This quiz has been taken 562 times
    (552 since last reset)
  • The average score is 5 of 13

Answer Stats

HintAnswer% Correct
" I wish they all could be..."California Girls
90%
Released as first Beach boys single (November 1961)Surfin'
78%
"Round, Round, Round"IGet Around
48%
"... you don't know what I got"Little Deuce Coupe
46%
Song is refering to V8 engine (Chevrolet)409
34%
"I got a letterman's sweater with a letter in front"Be True to Your School
33%
Debut studio album by the Beach Boys (October 1, 1962)Surfin' Safari
33%
"One of the most widely recognized songs by Beach Boys" , was in the movie 50 First DatesWouldn't It Be Nice
33%
Originally a song from The RegentsBarbara Ann
31%
What you ask at prom, etc.Do you Wanna Dance?
29%
Same verb three timesDance, Dance, Dance
27%
a drag race between a Super-Stock 413 cu. in.-powered 1962 Dodge Dart and a fuel injected 1963 Chevrolet Corvette StingrayShut Down
16%
"Tell the teacher we're...,..."Surfin' USA
1%

Score Distribution

Percentile by Number Answered

Percent of People with Each Score

Your Score History

You have not taken this quiz since the last reset